Pays dont la capitale commence par D - Mort Subite - Statistiques

Statistiques générales
  • Ce quiz a été pris 227 fois
  • Le résultat moyen est 6 sur 10
Answers on the Grid
Answers color-coded by a green-red scale on the quiz's grid according to % correct below.
Bangladesh
Sénégal
Syrie
Timor Oriental
Djibouti
Soudan du Sud
Tanzanie
Qatar
Tadjikistan
Irlande
Inde
Cameroun
Libye
Émirats Arabes Unis
Dominique
Tonga
Honduras
Guyana
 
Statistiques - réponses
Réponse % Correct
Dublin Irlande
81%
Dakar Sénégal
75%
Djibouti Djibouti
69%
Damas Syrie
68%
Doha Qatar
66%
Dacca Bangladesh
52%
Dodoma Tanzanie
45%
Dili Timor Oriental
42%
Djouba Soudan du Sud
41%
Douchanbé Tadjikistan
40%
Aucun quiz correspondant
Distribution des résultats
% des personnes avec chaque résultat
Percentile par nombre de réponses
Votre historique - résultats
Vous n’avez pas pris ce quiz